Best-Selling Novels of All Time Quiz Stats

 Plays Quiz Updated May 2, 2015

Score 0/15 Timer 05:00
4 Plays Today
Appx. Sales Novel % Correct
150 millionThe Lord of the Rings
90.9%
107 millionHarry Potter and the Sorcerer's Stone
85.2%
55 million (Tie)Harry Potter and the Prisoner of Azkaban/Harry Potter and the Order of the Phoenix
79.6%
80 millionThe Da Vinci Code
79%
60 millionHarry Potter and the Chamber of Secrets
74.9%
55 millionHarry Potter and the Goblet of Fire
73.9%
65 millionHarry Potter and the Half-Blood Prince
73.5%
85 millionThe Lion, the Witch, and the Wardrobe
71.3%
Appx. Sales Novel % Correct
65 millionThe Catcher in the Rye
70.7%
500 millionThe Ingenious Gentleman Don Quixote of La Mancha
65.5%
200 millionA Tale of Two Cities
63.5%
80 millionThe Little Prince
37.9%
100 millionAnd Then There Were None
26.9%
65 millionThe Alchemist
22.7%
100 millionDream of the Red Chamber
4.4%

You're not logged in!

Compare scores with friends on all Sporcle quizzes.
OR
Log In

Sporcle TV

Today on Sporcle TV


Watch our educational content, quiz creation guides, and fun videos on Sporcle TV.

Show Comments

Extras

Top Quizzes Today


Score Distribution

Your Account Isn't Verified!

In order to create a playlist on Sporcle, you need to verify the email address you used during registration. Go to your Sporcle Settings to finish the process.

Report this User

Report this user for behavior that violates our Community Guidelines.

Details: